000 00302nam a22001337a 4500
008 170419b xxu||||| |||| 00| 0 eng d
020 _a9781256318491
041 _aeng
080 _a573
100 _a11
101 _aSHM
245 _aINQUIRY BIOLOGY FOR K-8 TEACHERS
_cFRISBIE, M
942 _2udc
_cBK
999 _c11106
_d11106